000 00352nam a2200133Ia 4500
008 220204s9999 xx 000 0 und d
082 _a678:536
_bCON.1;1
245 0 _aThermal stability of polymers. V 1.
260 _aNew York
_bDekker
_c1970
650 _aFluorocarbon polymers
650 _aRubber degradation
700 _aConley, R T
942 _cBK
999 _c23077
_d23077